| 000 | 00666nam a2200205Ia 4500 | ||
|---|---|---|---|
| 003 | GCL | ||
| 008 | 140319s9999 xx 000 0 ara d | ||
| 020 | _a825603977 | ||
| 040 |
_aGCL / _cGCL |
||
| 082 | 0 | 4 |
_a005.3 _bخ ا |
| 245 | 1 | 0 | _aفوتوشوب 6.0 PHOTOSHOP 6.0 |
| 260 |
_aالقاهرة : _bخورازم للنشر والتوزيع والكمبيوتر ، _c2002 |
||
| 300 |
_a291 ص ؛ _c24 سم |
||
| 650 | 0 | 4 | _aالحاسبات الالكترونية |
| 650 | 0 | 4 | _aنظم المعلومات |
| 650 | 0 | 4 | _aالبرامج الالية |
| 650 | 0 | 4 | _aالحاسبات الالكترونية - برامج |
| 650 | 0 | 4 | _aفوتو شوب 6 |
| 942 |
_2ddc _cBK |
||
| 999 |
_c5434 _d5434 |
||